000 00300nam a22001337a 4500
020 _a8171322824
041 _aENG
100 _aAgrawal.S
245 _aSeed Spices Production,Quality Export
260 _aIndia
_bPointer Publishers
_c2006
300 _a314
650 _aAPE
856 _uAPE ( 03 )
999 _c1721
_d1721